| 000 | 00728nam a2200241Ia 4500 | ||
|---|---|---|---|
| 003 | OSt | ||
| 005 | 20221007110956.0 | ||
| 006 | a|||||r|||| 00| 0 | ||
| 007 | ta | ||
| 008 | 221006b |||||||| |||| 00| 0 eng d | ||
| 024 | _a22,303 | ||
| 037 | _cTextual | ||
| 040 |
_aLCO _cLCO _beng |
||
| 041 |
_2eng _aeng |
||
| 082 | _aX7295qN62, M6 | ||
| 245 | 0 | _aCustoms Act, 1962 with Customs Amendment Act, 1984 | |
| 260 |
_aDelhi _bDelhi Law House India _c1986 |
||
| 300 | _a124 | ||
| 500 | _aCustoms (Appeals) Rules, 1982 and Customs Excise and Gold (Control) Appellate Tribunal (Procedure) Rules, 1982 | ||
| 650 |
_aCUSTOMS ACT _9682715 |
||
| 942 |
_hX7295qN62, M6 _cTEXL |
||
| 999 |
_c1191866 _d1191866 |
||